[Event "FISU World University"]
[Site "Tornelo INT"]
[Date "2020.10.26"]
[Round "1.12"]
[White "Perez, Murillo Angel"]
[Black "Suarez Gomez, Julio"]
[Result "0-1"]
[WhiteElo "1963"]
[BlackElo "2426"]
[PlyCount "70"]
[EventDate "2020.10.26"]
[EventType "team-swiss (rapid)"]
[EventRounds "9"]
[EventCountry "NET"]
[SourceTitle "CBM 199 Extra"]
[Source "ChessBase"]
[SourceDate "2021.01.31"]
[SourceVersion "1"]
[SourceVersionDate "2021.01.31"]
[SourceQuality "1"]
[WhiteTeam "Mexico V"]
[BlackTeam "Spain II"]
[WhiteTeamCountry "MEX"]
[BlackTeamCountry "ESP"]

1. d4 d5 2. c4 e6 3. e3 Nf6 4. Nf3 a6 5. Nc3 dxc4 6. Bxc4 b5 7. Bd3 Bb7 8. 0-0 c5 9. b3 Nbd7 10. Bb2 Be7 11. Rc1 0-0 12. Bb1 Rc8 13. Ng5 c4 14. f4 b4 15. Nce4 c3 16. Nxc3 bxc3 17. Bxc3 h6 18. Nf3 Be4 19. Bd3 Qb6 20. Ne5 Bxd3 21. Qxd3 Nxe5 22. fxe5 Nd5 23. Bd2 Nb4 24. Qb1 Bg5 25. Rf3 Rxc1+ 26. Bxc1 Rc8 27. Bd2 Qb5 28. Bxb4 Qxb4 29. Qf1 Qd2 30. Qxa6 Rc1+ 31. Rf1 Bxe3+ 32. Kh1 Rxf1+ 33. Qxf1 Qxa2 34. Qd1 Qb2 35. h3 Bxd4 0-1